The World Almaniac : (Record no. 592592)
[ view plain ]
| 000 -LEADER | |
|---|---|
| fixed length control field | 00484nam a22001337a 4500 |
| 020 ## - INTERNATIONAL STANDARD BOOK NUMBER | |
| International Standard Book Number | 0-88687-862-4 |
| 040 ## - CATALOGING SOURCE | |
| Transcribing agency | NUST |
| 082 ## - DEWEY DECIMAL CLASSIFICATION NUMBER | |
| Classification number | 030,WOR |
| 245 ## - TITLE STATEMENT | |
| Title | The World Almaniac : |
| Remainder of title | and book of facts 2001 / |
| Statement of responsibility, etc. | Editoror Willian A. Mc Geveran |
| 260 ## - PUBLICATION, DISTRIBUTION, ETC. | |
| Place of publication, distribution, etc. | New Jersey |
| Name of publisher, distributor, etc. | WRC |
| Date of publication, distribution, etc. | 2001 |
| 300 ## - PHYSICAL DESCRIPTION | |
| Extent | 1008 p.: |
| 505 ## - FORMATTED CONTENTS NOTE | |
| Formatted contents note | General Index (Page-4), Feature Section (Page-33), The Year in Review (Page- Flags and Maps (Page-497), 2000 in Pictures (Continued) (Page-809). |
| 942 ## - ADDED ENTRY ELEMENTS (KOHA) | |
| Source of classification or shelving scheme | |
| Koha item type | Book |
| Call number suffix | 030,WOR |
| Withdrawn status | Lost status | Source of classification or shelving scheme | Damaged status | Not for loan | Permanent Location | Current Location | Shelving location | Date acquired | Total Checkouts | Full call number | Barcode | Date last seen | Price effective from | Koha item type | Public note |
|---|---|---|---|---|---|---|---|---|---|---|---|---|---|---|---|
| Military College of Signals (MCS) | Military College of Signals (MCS) | General Stacks | 12/05/2022 | 030,WOR | MCS28649 | 12/05/2022 | 12/05/2022 | Book | Almirah No.46, Shelf No.1 |
